000
00311 a2200109 4500
000
nam a22 7a 4500
005
20260312112857.0
100
_a
Bietenholz, Wolfgang
_9
1131784
245
_a
Uncovering quantum filed theory and the standard model
260
_b
Cambridge University Press
_c
2024
942
_c
AUD
999
_c
1715194
_d
1715194